Fr. Conceicao Rodrigues College of Engineering

ON to JAVA 1.2. (Record no. 31008)

MARC details
000 -LEADER
fixed length control field 00282nam a2200133Ia 4500
100 ## - MAIN ENTRY--PERSONAL NAME
Personal name Winston/P.H./ Narasimhan & Sundar
245 ## - TITLE STATEMENT
Title ON to JAVA 1.2.
260 ## - PUBLICATION, DISTRIBUTION, ETC.
Name of publisher, distributor, etc. Addison Wesly
Date of publication, distribution, etc. 1998
300 ## - PHYSICAL DESCRIPTION
Extent 379
546 ## - LANGUAGE NOTE
Language note ENGLISH
654 ## - SUBJECT ADDED ENTRY--FACETED TOPICAL TERMS
Focus term computer
942 ## - ADDED ENTRY ELEMENTS (KOHA)
Koha item type BOOK
Holdings
Withdrawn status Lost status Damaged status Not for loan Collection Home library Current library Date acquired Total Checkouts Full call number Barcode Date last seen Price effective from Koha item type
        CRC Fr. Agnel's C.Rodrigues College of Engineering Fr. Agnel's C.Rodrigues College of Engineering 17/03/2023   11337 17/03/2023 17/03/2023 BOOK